| 000 | 00353nam a22001457a 4500 | ||
|---|---|---|---|
| 005 | 20230710114311.0 | ||
| 008 | 230710b ||||| |||| 00| 0 eng d | ||
| 040 | _cAL | ||
| 041 | _aeng | ||
| 082 |
_223 _a361 _bMADI |
||
| 100 |
_aMadan G R _9126189 |
||
| 245 | _aIndian Social Problems | ||
| 260 |
_aMumbai _bAllied Publishers _c2000 |
||
| 942 |
_2ddc _cBK |
||
| 999 |
_c227787 _d227787 |
||